| 000 | 00726nam a2200241 a 4500 | ||
|---|---|---|---|
| 001 | 000010296 | ||
| 003 | DO-SdBNP | ||
| 005 | 20240412074216.0 | ||
| 007 | ta | ||
| 008 | 091006s1967 dr 001 0 spa d | ||
| 040 |
_aDO-SdBNP _bspa _cBNPHU |
||
| 082 | 4 |
_aRD861.44 _bH557d _222 |
|
| 100 |
_aHernández Rueda, Lupo, _d1930-2017 _923790 |
||
| 245 | 1 | 0 |
_aDentro de mi conmigo / _cLupo Hernández Rueda. |
| 260 |
_aSanto Domingo : _bArte y Cine, _c1967. |
||
| 300 |
_a78 p. ; _c22 cm. |
||
| 500 | _aIncluye datos biográficos del autor en la solapa | ||
| 590 | _aInventariado, 2023/MFF | ||
| 650 |
_aPoesía dominicana _966 |
||
| 650 | 0 |
_aLiteratura dominicana. _967 |
|
| 910 | _aInventariado, 2023/MFF | ||
| 942 |
_2ddc _cLBS1 |
||
| 999 |
_c10055 _d10055 |
||